[Event "Lubbock SPICE Cup"]
[Site "Lubbock"]
[Date "2008.09.19"]
[Round "1"]
[White "Mikhalevski, Victor"]
[Black "Miton, Kamil"]
[Result "1-0"]
[WhiteElo "2592"]
[BlackElo "2580"]
[Annotator "Mikhalevski,V"]
[PlyCount "63"]
[EventDate "2008.09.19"]
[EventType "tourn"]
[EventRounds "9"]
[EventCountry "USA"]
[EventCategory "15"]
[SourceTitle "CBM 126"]
[Source "ChessBase"]
[SourceDate "2008.10.01"]
[SourceVersion "1"]
[SourceVersionDate "2008.10.01"]
[SourceQuality "1"]

1. d4 d5 2. c4 c6 3. Nf3 Nf6 4. Nc3 e6 5. e3 Nbd7 6. Bd3 dxc4 7. Bxc4 b5 8. Bd3
Bb7 (8... a6 {is the main alternative, which will become extremely popular
after the Kramnik-Anand match.}) 9. a3 b4 10. Ne4 bxa3 11. O-O Nxe4 12. Bxe4
Bd6 13. Nd2 {I was following Kramnik's recent game against Shirov in the Tal
Memorial, Moscow 2008.} ({A popular alternative} 13. b3 $5 {was played by
Topalov in the Topalov-Kramnik match(4) Elista, 2006/ CBM 115 [Marin].}) ({
White also tested} 13. b4 {1/2-1/2 Avrukh,B (2557)-Al Modiahki,M (2574)/Biel
2003/CBM 095 ext/[Avrukh,B] (22)}) 13... O-O {This way Black avoids Shirov's
13...Qc7. See below.} ({In the following game White obtained a clear advantage
after} 13... Qc7 14. Nc4 Bxh2+ 15. Kh1 Nb6 16. Nxb6 axb6 17. g3 Bxg3 18. fxg3
Qxg3 19. Qh5 Ra5 20. Qxf7+ Kd8 21. Bg2 Rg5 22. Qf3 Qxf3 23. Bxf3 axb2 24. Bxb2
$16 {1-0 Kramnik,V (2788)-Shirov,A (2741)/Moscow RUS 2008 (46)}) 14. b3 $1 {
A typical idea in this line. White wants to recapture on a3 with a help of a
piece.} (14. Nc4 $6 {doesn't work in view of} Bxh2+ $1 15. Kxh2 Qh4+ 16. Kg1
Qxe4 17. Nd6 $140 Qd5 18. Nxb7 Rfb8 $15 {[%csl Rb2,Rb7][%cal Ga3b2]}) 14... Ba6
$5 $146 {[%cal Ga6b5] In fact only this move turns out to be a novelty. Black
transfers his bishop to b5.} ({The only preceding game saw} 14... Qb8 15. h3
Bb4 16. Bxa3 Bxa3 17. Rxa3 f5 18. Bf3 c5 19. Qe2 cxd4 20. exd4 Re8 21. Bxb7
Qxb7 22. Nc4 $14 {1/2-1/2 Arencibia Rodriguez,W (2542)-Abreu Delgado,A (2480)/
Santa Clara 2002/CBM 088 ext (33)}) 15. Re1 (15. Nc4 $2 {would be met by} Bxh2+
$1 {again.} 16. Kxh2 Qh4+ {[%csl Re4,Rh2]} 17. Kg1 Qxe4 $11 {and Black is fine.
}) ({I also didn't like} 15. Bxc6 $6 {in view of} Bxh2+ 16. Kxh2 Qc7+ $11 {
[%csl Rc6,Rh2]}) 15... Bb5 16. Bf3 $5 {[%cal Gd2e4,Gd2c4] I decided to win a
tempo with the knight before exchanging the dark-squared bishops. Moreover I
can exploit a pin along the a8-h1 diagonal, attacking the light-squared bishop
with the knight.} ({The immediate} 16. Bxa3 {deserved serious attention.}) ({
While} 16. Nc4 {would be met by means of} Bxh2+ 17. Kxh2 Qh4+ 18. Kg1 Qxe4 19.
Bxa3 Rfb8 {and White's compensation for a pawn is enough for equality.}) 16...
a6 $6 {This looks a little bit passive.} ({Black could have attacked the
centre by means of} 16... e5 {Now after} 17. Nc4 (17. Bxa3 $5) 17... Bb4 18.
Bd2 a5 19. Nxa3 e4 $1 20. Be2 (20. Bxe4 $2 Bxa3 21. Rxa3 Qe7 $19 {[%csl Ra3,
Re4]}) 20... Bxe2 21. Qxe2 c5 $11 {with good chances to equalize.}) 17. Nc4 $1
Bb4 18. Bd2 ({I also considered the following exchange sacrifice, but
underestimated White's chances in the resulting position.} 18. Bxa3 $5 Bxe1 (
18... Qe7 19. Qc2 $14) 19. Qxe1 Bxc4 (19... Re8 20. Nd6 $16) 20. bxc4 Re8 21.
Bxc6 Rc8 22. d5 $44 {and White seems to obtain a promising position.}) 18...
Qe7 ({Black would have more chances for equality after} 18... a5 $5 19. Nxa3
Ne5 $1 20. Be2 Bxe2 21. Rxe2 $1 (21. Qxe2 Bxd2 22. Qxd2 c5 $11) 21... Qe7 $1
22. Nc2 $14 {However White retains a slight edge.}) 19. Qc1 $1 {In the event
of an exchange on b4, Black's queen would occupy a nice position on b4.} Bxd2 (
19... Rad8 $5) 20. Qxd2 e5 21. Qa5 $1 {[%csl Ra8,Rc6][%cal Gc4a3]} ({Also} 21.
Nxa3 e4 22. Be2 Nf6 $14 {is better for White, but the text looks more flexible.
}) 21... exd4 $6 {This looks like an inaccuracy. After this exchange White's
light-squared bishop will be extremely strong and the pressure along the a8-h1
diagonal and the a-file will be annoying.} ({Black should have preferred} 21...
e4 22. Bg4 (22. Be2 $5) 22... Nf6 23. Be2 Nd5 24. Qxa3 $14) 22. exd4 Qd8 $6 {
A passive move again. Morever Black should have left this square for the
queen's rook.} (22... Qf6 23. Nxa3 Rad8 $14 {was a better defence.}) 23. Qxa3
Nf6 $6 (23... Qf6 $5 {should have been played even with a loss of a tempo.})
24. Nd6 $1 {[%csl Ra8,Rc6][%cal Gd6b5]} Ra7 (24... Rb8 $5 {was worth a try.}) (
24... Qb6 {would be strongly met by means of} 25. Qc5 $1 $16) 25. Qc5 Qb8 $6 {
This was definitely not Kamil's day.} (25... Rd7 {was the lesser evil.} 26.
Nxb5 (26. Nf5 $5 g6 27. Ne7+ Kg7 28. Nxc6 Bxc6 29. Bxc6 Rxd4 30. Rxa6 $14)
26... cxb5 27. Rxa6 Rxd4 28. Qxb5 $16 {and White is up a healthy extra pawn.})
26. Nf5 $1 $16 {[%csl Rc6][%cal Gf5e7] Now White has an extra piece in play.
Moreover the black c6-pawn is weak and the king is becoming vulnerable.} Nd7 {
Black is trying to keep material balance, but his king gets in trouble.} (26...
Nd5 27. Bxd5 cxd5 28. Qxd5 $16 {is not satisfying for Black either.}) 27. Qc1
$1 {[%csl Rc6,Rg8][%cal Gc1g5] Suddenly the queen comes into attack and
discoordinated pieces of Black can hardly provide any help to his king.
Moreover the c6-pawn is hanging.} Rc7 {Black protects the c6-pawn.} (27... Kh8
28. Bxc6 Bxc6 29. Qxc6 Qxb3 30. Re7 Qb7 31. d5 $1 $18 {is also hopeless.}) 28.
Qg5 g6 29. Re7 $1 {White's initiative has been developing by itself.} Qd8 ({
Other moves don't help either.} 29... Bd3 30. Nh6+ Kg7 31. Ng4 {[%cal Gg5h6,
Ge7d7]} h5 32. Ne5 $1 $18 ({or} 32. Rxd7 hxg4 33. Qe5+ Kg8 34. Qxc7 Qxc7 35.
Rxc7 gxf3 36. gxf3 $18)) (29... Nf6 30. Qxf6 gxf5 31. Re3 $18) 30. Rae1 $1 {
[%cal Gf5h6] The threat of Nh6 forces Black to play} Kh8 31. Nd6 {[%cal Gd6f7]}
Kg8 (31... Kg7 {loses to} 32. Nxf7 $1 $18) 32. Ne8 (32. Qf4 $1 {[%cal Gd6f7]
would be even more precise, but the text doesn't miss the win. Moreover Black
decided to stop suffering and resigned.} Nc5 (32... Nb6 33. Re8 Qd7 34. Rxf8+
Kxf8 35. Qh6+) 33. Rxc7 Nd3 34. Nxf7 $1 $18) (32. Ne8 Rc8 33. Qe3 $1 ({In the
event of} 33. Qh6 $6 {Black sacrifices the queen and makes White's task much
more difficult.} Rxe8 34. Rxe8+ Qxe8 35. Rxe8+ Rxe8) 33... a5 34. Bg4 $1 $18 (
34. Nd6 $5 Rc7 35. Qf4 $1 $18)) 1-0

[Event "Julian Borowski-A 2nd"]
[Site "Essen"]
[Date "2000.04.30"]
[Round "4"]
[White "Milov, Vadim"]
[Black "Hansen, Curt"]
[Result "1/2-1/2"]
[WhiteElo "2653"]
[BlackElo "2618"]
[Annotator "Milov,V"]
[PlyCount "99"]
[EventDate "2000.04.27"]
[EventType "tourn"]
[EventRounds "9"]
[EventCountry "GER"]
[EventCategory "15"]
[SourceTitle "CBM 077"]
[Source "ChessBase"]
[SourceDate "2000.07.27"]
[SourceVersion "1"]
[SourceVersionDate "2000.07.27"]
[SourceQuality "1"]

1. d4 d5 2. c4 e6 3. Nc3 c6 4. e3 Nf6 5. Nf3 Nbd7 6. Bd3 dxc4 7. Bxc4 b5 8. Bd3
Bb7 9. O-O b4 10. Ne4 Be7 11. Nxf6+ Nxf6 12. e4 O-O 13. e5 Nd7 14. Be4 Rb8 15.
a3 $1 $146 bxa3 (15... c5 $142 16. Bxb7 Rxb7 17. d5 $14 (17. axb4 cxb4 18. d5
exd5 19. Qxd5 Nc5)) (15... a5 16. axb4 axb4 17. Be3 c5 18. Bxb7 Rxb7 19. d5
exd5 20. Qxd5 Qb6 21. Nd2 $16) 16. b4 $3 (16. bxa3 c5) 16... a5 (16... Bxb4 17.
Bxh7+ $1 $18) 17. bxa5 Qxa5 18. Bxa3 $1 (18. Bxh7+ $2 Kxh7 19. Rxa3 Bxa3 20.
Ng5+ Kh6 $19) 18... Qd8 (18... Bxa3 19. Bxh7+ Kxh7 (19... Kh8 20. Ng5) 20. Ng5+
Kg6 (20... Kh6 21. Qd3 (21. Qg4 Nf6)) 21. Qd3+ Kxg5 22. f4+ Kh6 23. Qh3+ Kg6
24. f5+ exf5 25. Rf3 $1 (25. Rxf5 Nf6) 25... f6 26. Rxf5 Rh8 27. Qg4+ Kf7 28.
e6+ $18) 19. Bxe7 Qxe7 20. Ra7 $16 h6 21. h3 (21. Qa4 $142) (21. Qc2 $142)
21... Qd8 22. Qa4 Nb6 23. Qa3 Nd5 24. Rb1 Ba8 25. Ra1 (25. Rxb8 Qxb8 26. Nd2
Nc7 27. Qc5 $16) 25... Nc7 26. Qc5 Nb5 27. R7a4 Rc8 28. Nd2 Bb7 29. Nb3 Rc7 (
29... Qc7 30. Na5 Ba8 31. Rc1) 30. Na5 Ba8 31. Nb3 (31. Nxc6 $2 Bxc6 32. Bxc6
Nxd4 33. Rxd4 Rxc6 $11) 31... Bb7 32. Qc4 Qh4 $2 (32... Rd7 33. Rd1) (32... Qe7
33. Nc5 (33. Qd3 Rd8 34. Qe3 $16 {/\Rc4}) 33... Bc8 34. Bc2 Rd8 35. Qd3 $16)
33. d5 $18 f5 $8 34. dxe6 (34. d6 fxe4 35. dxc7 Qxf2+ 36. Kh1 e3 (36... Nxc7
37. Nc5) 37. R4a2 $18) 34... Kh8 (34... Qxe4 35. e7+) (34... Qe7 35. Bc2 $18)
35. Bf3 Qe7 36. Rd1 (36. Bh5 Bc8 37. Bf7 Rd8 38. Ra8) 36... Bc8 37. Nc5 Kh7 38.
Bh5 (38. Ra5 $5 Re8 39. Nd7 $1 Na7 40. Qf4 Qxe6 41. Rd6 $18) 38... g6 39. Bf3 (
39. Be2 Re8 40. Ra8 $18) 39... Re8 40. Ra8 $4 (40. Rd7 Bxd7 41. exd7 $18) (40.
Nd7 Kg7 41. Nf6 $18) 40... Bxe6 $11 41. Nxe6 (41. Rxe8 Bxc4 42. Rxe7+ Rxe7 43.
Nd7 c5 $11) 41... Qxe6 42. Qxe6 Rxe6 43. Rdd8 Rxe5 44. Bxc6 h5 45. f4 Rc5 46.
Rh8+ Kg7 47. Rag8+ Kf6 48. Be8 Rg7 49. Rf8+ Ke7 50. Bxb5 1/2-1/2

[Event "Biel MTO op"]
[Site "Biel"]
[Date "2001.08.01"]
[Round "9"]
[White "Milov, Vadim"]
[Black "Guliev, Sarhan"]
[Result "1-0"]
[WhiteElo "2614"]
[BlackElo "2510"]
[Annotator "Milov,V"]
[PlyCount "55"]
[EventDate "2001.07.23"]
[EventType "swiss"]
[EventRounds "11"]
[EventCountry "SUI"]
[SourceTitle "CBM 083 Extra"]
[Source "ChessBase"]
[SourceDate "2001.09.11"]
[SourceVersion "1"]
[SourceVersionDate "2001.09.11"]
[SourceQuality "1"]

1. d4 d5 2. c4 c6 3. Nc3 Nf6 4. e3 e6 5. Nf3 Nbd7 6. Bd3 dxc4 7. Bxc4 b5 8. Bd3
Bb7 9. e4 b4 10. Na4 c5 11. e5 Nd5 12. Nxc5 Bxc5 $6 (12... Nxc5) 13. dxc5 Nxc5
14. Bb5+ Kf8 (14... Ke7 15. Qd4 Qb6 16. Bc4 h6 17. O-O $14) 15. O-O Qb6 (15...
h6 16. a3 bxa3 (16... Qb6 17. Bc4 g6 18. axb4 Qxb4 19. b3 Kg7 20. Bd2 Qb6 21.
Ba5 Qc6 22. Nd4 $16) 17. Rxa3 a6 18. Be2 Qb6 (18... g6 19. Nd2 $1 $16) 19. Qd4
$14) 16. Bc4 h6 17. Nd4 (17. h4 $5 Rc8 18. a3 $14) 17... Rd8 18. Qg4 g5 $6 (
18... Nd7 {(V)}) (18... g6 19. Be3 $14) 19. Be3 $1 $16 Nd7 (19... Nf4 $2 20.
Nb3 Rc8 21. Nxc5 Rxc5 22. Rfc1 $18) (19... h5 $2 20. Qxg5 Rg8 21. Nxe6+ $1 $18)
(19... Qc7 20. Bxd5 Rxd5 (20... Bxd5 $2 21. Rac1) 21. Rac1 Qe7 (21... Qxe5 22.
Nf3 Qd6 23. Bxc5 Rxc5 24. Qxb4 $18) 22. Nc6 $1 Bxc6 23. Qxb4 Nd3 24. Qxe7+ Kxe7
25. Rxc6 Nxe5 26. Rc7+ Rd7 27. Bc5+ Kf6 28. Rxa7 Rxa7 29. Bxa7 Ra8 30. Bd4 $18)
20. Bxd5 (20. Qg3 $5 Qc7 (20... Nxe3 21. fxe3 Kg7 22. h4) 21. Bxd5 Bxd5 22. f4
Rg8 (22... gxf4 23. Qxf4 $1 (23. Bxf4 $16) 23... Nxe5 (23... f5 24. Nxf5 exf5
25. Qxf5+ Kg7 (25... Ke7 26. Bg5+ $18) 26. e6 Ne5 27. Qf6+ Kh7 28. Qxh6+ Kg8
29. Qg5+ Kh7 30. Rf6 Qg7 31. Rh6+ $18) 24. Nb5 Qb8 25. Qf6 (25. Bxa7 Rg8 $1 26.
Qxb4+ Ke8 $13) 25... Rh7 (25... Kg8 26. Bd4 $18) (25... Rg8 26. Bc5+) 26. Bxa7
Ng4 27. Bxb8 Nxf6 28. Bd6+ $18) 23. f5 Qxe5 (23... Nxe5 24. fxe6) (23... Kg7
24. fxe6 fxe6 (24... Bxe6 25. Bxg5) 25. Bxg5 Kh8 26. Qh4 $18) 24. fxe6 Qxg3 25.
hxg3 Ne5 26. Rf5 Ng4 (26... f6 27. Rxf6+ Kg7 28. Rf5 Nc4 29. Bxg5 $1 hxg5 30.
e7 $18) 27. Rxf7+ Ke8 28. Re1 Bxe6 29. Rxa7 $18) 20... Bxd5 21. f4 Qb8 $1 (
21... Rg8 22. f5 $1 Nxe5 (22... exf5 23. Nxf5) 23. Nxe6+ $1 fxe6 (23... Qxe6
24. Qxb4+) 24. Bxb6 Nxg4 25. Bxd8 Ne3 26. Rf2 exf5 27. Ba5 $16) (21... h5 22.
Qxg5 Rg8 23. Nxe6+ $1 $18) (21... Rh7 22. f5 (22. fxg5 $5 Nxe5 23. Qf4 Qb8 (
23... Ng6 24. Qf6 $16) 24. gxh6 Nc4 25. Qf2 $16) 22... Kg8 23. fxe6 (23. Qg3
Qb8 $13) 23... Bxe6 (23... Nxe5 24. Qh5 (24. Qg3 Nc4 $13) 24... Bxe6 (24...
fxe6 25. Nf5 $18) (24... Rf8 25. Rae1 $16) (24... Re8 25. Rae1 $16) 25. Nf5 Qa5
26. Nxh6+ $16) 24. Qh5 Qc5 (24... Kh8 25. Nf5 Qc7 26. Nxh6 Qxe5 27. Bxg5 $16)
25. Rae1 Bc4 (25... Qd5 26. Nxe6 Qxe6 27. Bxg5 $16) 26. Ne6 Qxe5 (26... Qe7 27.
Nxd8 Bxf1 28. Nc6) 27. Nxd8 Bxf1 28. Bf2 Qxb2 29. Rxf1 (29. Re8+ Nf8 30. Nc6
Bd3 $13) 29... Qxa2 30. Qd1 $18 {->}) 22. Qh5 (22. fxg5 $2 Qxe5) (22. Rf2 Rh7 (
22... Nc5 23. fxg5 Qxe5 24. g6 Qxe3 25. g7+ Kg8 26. gxh8=Q+ Kxh8 27. Nc2 $16) (
22... gxf4 23. Qxf4 (23. Bxf4 $5) 23... Nxe5 24. Qf6 Rh7 25. Nxe6+ (25. Bxh6+
Kg8 26. Bf4 (26. Bg5 Rc8 $13) 26... Ng4 27. Qg5+ Rg7 28. Qxg7+ Kxg7 29. Bxb8
Nxf2 30. Bxa7 (30. Be5+ $2 f6 31. Bxf6+ Kxf6 32. Kxf2 Bxg2 $11) 30... Nd3 $14)
25... Bxe6 26. Qxe6 Kg8 27. Qf5 $16) 23. Raf1 Rg7 (23... Kg8 24. Qh5 Nc5 25.
Nf5 exf5 26. Bxc5 gxf4 (26... Rc8 27. Bd4 Rc4 28. Rd1 $16) 27. Qxf5 (27. Rxf4
Rg7 $13) 27... f3 28. gxf3 Rg7+ 29. Rg2 $16) 24. fxg5 (24. Qh5 $5) 24... Qxe5 (
24... Nxe5 25. Qh5 $40) 25. Bf4 Qe4 26. Bd6+ Kg8 27. Qxe4 Bxe4 28. gxh6 $16)
22... Rh7 $8 23. fxg5 $2 (23. Rf2 $16) 23... Qxe5 24. Qh3 Rg7 (24... Kg8 $2 25.
gxh6 $16) 25. Rae1 hxg5 $4 (25... Kg8 26. Nf3 Bxf3 27. Qxf3 hxg5 $8 (27... Qxb2
28. Re2 Qc3 29. gxh6 $18) 28. Bxa7 $5 (28. Bb6 Qxe1 29. Rxe1 Nxb6 $14) 28...
Qxb2 (28... Qc7 29. Bd4 Rh7 30. h3 $16) 29. Qd1 (29. Rd1 f6 30. Qc6 Qxa2 $13)
29... Qxa2 30. Bb6 Qa8 31. Bxd8 Qxd8 32. Qd4 Qe7 33. Rb1 $14) 26. Nf5 $18 Qb8 (
26... Bxg2 27. Qh8+ Rg8 28. Qxe5 (28. Qh6+ Ke8 29. Bd4 Qd5 30. Qh7 $18) 28...
Nxe5 29. Bc5+ Ke8 30. Kxg2 Nd3 (30... Rd2+ 31. Kg1 Nd3 32. Nd6+ Kd7 33. Ne4)
31. Nd6+ Kd7 32. Rd1 Nxc5 33. Nxf7+ $18) 27. Bxg5 $1 Qb6+ 28. Rf2 1-0

[Event "FRA-chT1"]
[Site "France"]
[Date "2002.02.02"]
[Round "2.2"]
[White "Milov, Vadim"]
[Black "Varga, Peter"]
[Result "1-0"]
[WhiteElo "2595"]
[BlackElo "2484"]
[Annotator "Milov,V"]
[PlyCount "77"]
[EventDate "2002.02.??"]
[EventType "team"]
[EventRounds "11"]
[EventCountry "FRA"]
[SourceTitle "EXT 2003"]
[Source "ChessBase"]
[SourceDate "2002.11.25"]
[SourceVersion "1"]
[SourceVersionDate "2002.11.25"]
[SourceQuality "1"]
[WhiteTeam "Mulhouse"]
[BlackTeam "Strasbourg"]
[WhiteTeamCountry "FRA"]
[BlackTeamCountry "FRA"]

1. d4 d5 2. c4 c6 3. Nc3 e6 4. e3 Nf6 5. Nf3 Nbd7 6. Bd3 dxc4 7. Bxc4 b5 8. Bd3
b4 9. Ne4 Be7 10. Nxf6+ Nxf6 11. e4 Bb7 12. Qe2 (12. O-O) 12... c5 (12... O-O
13. e5 Nd7 14. Qe4 g6 15. h4 $40) 13. dxc5 Bxc5 14. O-O h6 (14... O-O 15. e5
Nd7 (15... Bxf3 16. Qxf3 Nd7 17. Qe4 g6 18. Bh6 Re8 19. Bb5 $16) 16. Bxh7+ Kxh7
17. Ng5+ Kg6 18. h4 $1 (18. Qd3+ f5 19. Nxe6 Qe7 $17) 18... Rh8 19. Qd3+ (19.
h5+ $2 Rxh5 20. Qd3+ f5 21. Nxe6 Qh4 22. Nf4+ Qxf4 23. Bxf4 Rah8 24. Qg3+ Kf7
25. e6+ Kg8 26. Qh2 Rxh2 27. Bxh2 Nf8 28. Rfe1 Be4 $17) 19... f5 (19... Kh5 20.
g4+ $1 Kxg4 21. Nxf7 Qxh4 22. Qg6+ Kh3 (22... Kf3 23. Qg2+ Ke2 24. Re1+) 23.
Ng5+ Kg4 24. Ne4+ Kf3 25. Qg2+ Ke2 26. Re1+ $1 Kd3 (26... Kxe1 27. Qf1#) 27.
Rd1+ $18) 20. Nxe6 Qe7 (20... Qxh4 21. Nf4+ Kh7 22. Qxf5+ Kg8 23. Qe6+ Kh7 24.
Qxd7 $18) (20... Qc8 21. h5+ $3 (21. Qg3+ Kf7 $13) 21... Kf7 (21... Rxh5 22.
Nf4+) 22. Qb3 $1 Ke8 (22... Ke7 23. Bg5+) 23. Nxg7+ Kf8 24. Ne6+ Ke8 25. Qg3
Nf8 26. Ng7+ Kd8 (26... Kd7 27. Rd1+ Kc6 28. Be3 $18) (26... Kf7 27. e6+ Nxe6
28. Qg6+ Ke7 29. Nxf5+ $18) 27. Bg5+ Kc7 28. Rac1 $18) (20... Qe8 21. Nf4+ Kh7
22. e6) 21. Nf4+ Kh7 22. Qxf5+ Kg8 23. Ng6 Qf7 24. Qxf7+ Kxf7 25. Nxh8+ Rxh8
26. Re1 Ke6 27. Bg5 $16) 15. e5 Nd5 16. Bd2 Qb6 17. Rac1 Kf8 (17... Ke7 $5 18.
Qe4 Rhd8 $13) (17... g6 18. h4 $5 {/\19.h5 g5 20.Nh2, Kg1-h1, f2-f4}) 18. h4 (
18. Rc2 Rc8 19. Rfc1 g6 $13) 18... Ke7 (18... g6 19. h5 g5 20. Nh2 $36 {
/\21.Kh1}) 19. h5 Rhd8 20. Nh2 (20. Rc2 Rac8 $13) 20... Kf8 21. Ng4 Be7 $6 (
21... Rac8 22. Rfd1 $13) 22. Rfd1 $2 {/\23.Nh6} (22. Nxh6 $1 Qd4 (22... f5 23.
exf6 (23. Bxf5 gxh6 (23... exf5 24. Nxf5 $13) 24. Bxh6+ Ke8 25. Bg6+ Kd7 $13)
23... Nxf6 24. Rfe1 gxh6 25. Bxh6+ Kg8 26. Rc7 $3 (26. Qxe6+ Qxe6 27. Rxe6 Rxd3
28. Rxe7 Bd5 29. Rg7+ Kh8 $13) 26... Qxc7 (26... Bf8 27. Bh7+ $1 Kh8 (27...
Nxh7 28. Qg4+ Kh8 29. Bg7+ $18) 28. Qe5 Qd4 (28... Qxc7 29. Qxc7 Bxh6 (29...
Rd7 30. Qe5 $18) 30. Qxb7 Nxh7 31. Rxe6 $18) 29. Bf4 $3 (29. Qxd4 Rxd4 30. Bxf8
Rxf8 31. Rxb7 Nxh7 32. Rxe6 Nf6 $13) 29... Bg7 30. Rxb7 Kxh7 31. h6 Nd7 32.
Qxg7+ $18) 27. Qxe6+ Kh8 28. Qf7 Rg8 29. Rxe7 Rxg2+ 30. Kf1 Rxf2+ $8 31. Kxf2
Qh2+ (31... Ng4+ 32. Ke1 Qg3+ 33. Kd2) 32. Ke1 Qg3+ 33. Kd2 Qf2+ 34. Kc1 (34.
Re2 $4 Ne4+) 34... Rc8+ 35. Rc7 Qg1+ 36. Kc2 Qh2+ (36... Qg2+ 37. Kb1) 37. Kb1
Qg1+ 38. Rc1 $18) (22... gxh6 23. Bxh6+ Ke8 24. Bb5+ Rd7 25. Qg4 Bf8 26. Qg8
Ke7 27. Bg5+ Ke8 28. h6 $18) 23. Qf3 (23. Ng4 Nc3 $1 24. Bxc3 (24. bxc3 Qxd3
25. Qxd3 Rxd3 26. Rc2 Rad8 $36) 24... Qxd3 25. Qxd3 Rxd3 26. Be1 a5 $44 27. f3
$140 Bd5 28. b3 a4 $15) (23. Rfd1 Nf4 24. Bxf4 Qxf4 25. Rc7 $8 (25. Ng4 Rxd3 $1
$19) 25... Bxg2 26. Kxg2 Qxh6 $11) 23... Nf4 (23... gxh6 24. Bxh6+ Ke8 25. Bb5+
Rd7 26. Qg3 $18) 24. Qxb7 (24. Qxf4 Qxf4 25. Bxf4 Rxd3 26. Ng4 Bd5 27. b3 a5
$44) 24... Nxd3 25. Bg5 $3 f6 26. exf6 gxf6 27. Rc7 Rab8 28. Qf3 $16) 22... a6
$2 (22... Qd4 23. Rc4 $1 (23. Nxh6 {-22...Nh6}) 23... Qxb2 24. Qe4 (24. Nxh6
Nc3) 24... Nc3 25. Qh7 Ke8 26. Bxc3 bxc3 27. Qg8+ Bf8 28. Rc7 $18) (22... Rac8
23. Rxc8 Rxc8 24. Qe4 $40) (22... Bc5 $142 $13 23. Qe4 $140 $2 Nc3) 23. Nxh6 $1
gxh6 24. Bxh6+ Ke8 25. Qg4 Rdc8 26. Rxc8+ Rxc8 27. Qg8+ Kd7 28. Qxf7 $16 {o^h}
Qd8 (28... Qc6 29. Be4) 29. Bg7 Qe8 $8 (29... Qg8 30. Qxg8 Rxg8 31. h6 $18) 30.
Qxe8+ Rxe8 31. Bg6 Rc8 32. h6 Bf8 $8 33. Bh7 (33. Bxf8 Rxf8 34. h7 Ke7 35. Rd4
(35. Rd3 Nf4) 35... Rh8 36. f4 Kf8 $13) (33. Rd3 $5 {/\34.Rf3} Bxg7 34. hxg7
Rg8 35. Rg3 Rxg7 36. Be8+ Kxe8 37. Rxg7 $16) 33... Ke8 (33... Ke7 34. Rd4 $16)
34. Bg8 $1 (34. Rd4) 34... Rc6 (34... Bxg7 35. Bxe6 (35. hxg7 Ke7 36. Bh7 $16)
35... Bxh6 36. Bxc8 Bxc8 37. Rxd5 $18) 35. Rd4 $18 Bxg7 36. hxg7 Ne7 37. Bh7
Rc1+ (37... Kf7 38. Rd7) 38. Kh2 a5 (38... Bd5 39. Rf4 $18) 39. Bg6+ $1 1-0

[Event "Alushta4"]
[Site "Alushta"]
[Date "1994.??.??"]
[Round "1"]
[White "Moskalenko, Viktor"]
[Black "Dreev, Alexey"]
[Result "1/2-1/2"]
[WhiteElo "2555"]
[BlackElo "2570"]
[Annotator "Moskalenko,V"]
[PlyCount "82"]
[EventDate "1994.??.??"]
[EventType "tourn"]
[EventRounds "9"]
[EventCountry "UKR"]
[EventCategory "13"]
[SourceTitle "CBM 042"]
[Source "ChessBase"]
[SourceDate "1994.10.01"]
[SourceVersion "1"]
[SourceVersionDate "1994.10.01"]
[SourceQuality "1"]

1. d4 d5 2. c4 c6 3. Nc3 Nf6 4. Nf3 e6 5. e3 Nbd7 6. Bd3 dxc4 7. Bxc4 b5 8. Bd3
Bb7 9. a3 b4 10. Ne4 c5 $5 $146 11. Nxf6+ gxf6 12. O-O Qb6 13. axb4 cxd4 14.
Nxd4 $1 Bxb4 15. Bd2 (15. Qa4 $5) 15... Rg8 16. f3 Rg5 $1 17. Bxb4 Qxb4 18. Rf2
Rc5 19. Qd2 (19. Qb3 $5) (19. Rd2 $5) 19... Qb6 20. b4 (20. Rff1 $5 {/\ Ra3,
Rfa1}) 20... Rc7 21. Nb5 Rcc8 22. Bf1 Ke7 23. Qd4 $1 a6 24. Rd2 Bd5 $1 25. Qxb6
$2 (25. Na3 $14) 25... Nxb6 26. Nd4 Bc4 $1 27. Kf2 Bxf1 28. Rxf1 Nd5 29. b5
axb5 30. Nxb5 f5 31. Nd4 Rc5 32. Rfd1 Kf6 33. g3 h5 34. Ne2 Ra3 35. Rd3 Ra2 36.
R1d2 Ra1 37. Rd1 Rxd1 38. Rxd1 Rc2 39. Rd3 Kg5 40. h4+ Kf6 41. Ke1 Ra2 1/2-1/2

[Event "Bundesliga 0506"]
[Site "Germany"]
[Date "2005.11.12"]
[Round "3.4"]
[White "Braun, Arik"]
[Black "Nielsen, Peter Heine"]
[Result "0-1"]
[WhiteElo "2465"]
[BlackElo "2646"]
[Annotator "Mueller,Karsten"]
[PlyCount "106"]
[EventDate "2005.10.21"]
[EventType "team-tourn"]
[EventRounds "15"]
[EventCountry "GER"]
[SourceTitle "CBM 110"]
[Source "ChessBase"]
[SourceDate "2006.01.31"]
[SourceVersion "1"]
[SourceVersionDate "2006.01.31"]
[SourceQuality "1"]
[WhiteTeam "Eppingen"]
[BlackTeam "Baden-Baden"]
[WhiteTeamCountry "GER"]
[BlackTeamCountry "GER"]

1. d4 d5 2. c4 c6 3. Nf3 Nf6 4. Nc3 e6 5. e3 Nbd7 6. Bd3 dxc4 7. Bxc4 b5 8. Bd3
Bd6 9. O-O O-O 10. Bd2 Bb7 11. Ne2 a6 12. b4 Qe7 13. Qb3 e5 14. Ng3 g6 15. dxe5
Nxe5 16. Nxe5 Bxe5 17. Rac1 Rad8 18. Rfd1 Ng4 19. Be2 h5 20. Bc3 Rxd1+ 21. Rxd1
c5 22. bxc5 Bxc3 23. Qxc3 Rc8 24. Bxg4 Rxc5 25. Qd4 hxg4 26. Qxg4 Rc4 27. Qe2
Qc7 28. Qb2 Rc2 29. Qd4 Rc1 30. h4 Rxd1+ 31. Qxd1 Qc4 32. Qd8+ Kg7 33. Qe7 Bc8
34. h5 Be6 35. Qd8 Qc3 36. Ne4 Qa1+ 37. Kh2 Qe5+ 38. Ng3 gxh5 39. f4 Qd5 40.
Qe7 Bg4 41. f5 Qc6 42. Qg5+ Kf8 43. f6 Qe6 44. Qf4 Ke8 45. Ne4 {[%tqu "De",
"Wie kann der weiße Angriff abgeschlagen werden?","","","e6d5","",4]} Qd5 $1 {
[%mdl 256] und der König versteckt sich im Folgenden einfach auf g6:} 46. Qb8+
Kd7 47. Qa7+ Ke6 48. Qxa6+ Kf5 49. Nd6+ $6 Kg6 50. Nxb5 $2 {[%mdl 8192]} (50.
Qb6 $15) 50... Be2 51. a4 $2 Bf1 52. Kg3 Qg5+ 53. Kf3 Qg4+ (53... Qg4+ 54. Kf2
Qxg2+ 55. Ke1 Qe2#) 0-1